Loading...
| History - World | 3 | 1 | 1 | 1 | 50 | 48 | 66.00 | 2 | 4 | 18.61 | 34.22 |
| History - Other | 1 | 3 | 0 | 0 | 45 | 20 | 81.75 | 1 | 1 | 12.39 | 22.02 |
| Science - Biology | 1 | 2 | 0 | 0 | 35 | 68 | 107.33 | 2 | 3 | 4.44 | 19.52 |
| Literature - British | 0 | 3 | 0 | 0 | 30 | 90 | 107.33 | 0 | 1 | 6.40 | 14.87 |
| History - European | 1 | 2 | 1 | 1 | 30 | 40 | 99.00 | 1 | 2 | 8.08 | 14.52 |
| Fine Arts - Other Arts | 1 | 1 | 0 | 0 | 25 | 73 | 85.00 | 1 | 2 | 5.89 | 12.76 |
| Religion | 0 | 2 | 0 | 0 | 20 | 99 | 107.50 | 0 | 1 | 3.60 | 11.28 |
| Literature - American | 0 | 2 | 0 | 1 | 20 | 135 | 137.00 | 0 | 0 | 0.57 | 6.78 |
| History - American | 1 | 0 | 0 | 0 | 15 | 48 | 48.00 | 1 | 1 | 4.97 | 7.14 |
| Literature - European | 1 | 0 | 0 | 0 | 15 | 52 | 52.00 | 0 | 1 | 4.82 | 6.19 |
| Fine Arts - Classical Music and Opera | 0 | 1 | 0 | 0 | 10 | 103 | 103.00 | 0 | 0 | 1.93 | 1.43 |
| Literature - World | 0 | 1 | 0 | 0 | 10 | 113 | 113.00 | 0 | 1 | 2.19 | 6.67 |
| Modern World | 0 | 1 | 0 | 0 | 10 | 72 | 72.00 | 0 | 1 | 6.37 | 12.38 |
| Mythology | 0 | 1 | 0 | 0 | 10 | 140 | 140.00 | 0 | 0 | 7.57 | 20.83 |
| Other Academic | 0 | 1 | 0 | 0 | 10 | 68 | 68.00 | 1 | 1 | 8.08 | 16.67 |
| Philosophy | 0 | 1 | 0 | 1 | 10 | 146 | 146.00 | 0 | 0 | -0.05 | 2.38 |
| Geography | 0 | 1 | 1 | 0 | 5 | 122 | 122.00 | 0 | 1 | 6.22 | 30.56 |
| Social Science | 0 | 0 | 1 | 0 | -5 | 0.00 | 0 | 0 | 0.00 | 0.00 |